Лабиринты одиночества: пер. с англ.

Detalles Bibliográficos
Outros autores: Покровский Н. Е. (редактор)
Idioma:ruso
Publicado: Москва, Прогресс, 1989
Subjects:
Formato: MixedMaterials Libro
KOHA link:https://koha.lib.tpu.ru/cgi-bin/koha/opac-detail.pl?biblionumber=15356

MARC

LEADER 00000nam0a2200000 4500
001 15356
005 20231030190210.0
010 |a 5010015897 
035 |a (RuTPU)RU\TPU\book\15463 
035 |a BOOK00000151 
090 |a 15356 
100 |a 20011209d1989 km y0rusy50 ca 
101 1 |a rus  |c eng 
102 |a RU 
105 |a y z 000zy 
200 1 |a Лабиринты одиночества  |e пер. с англ.  |f Под ред. Н. Е. Покровского 
210 |a Москва  |c Прогресс  |d 1989 
215 |a 624 с. 
610 1 |a социология 
610 1 |a личность 
610 1 |a одиночество 
686 |a С55.35  |v LBC/SL-A  |2 rubbk 
702 1 |a Покровский  |b Н. Е.  |4 340 
801 0 |a RU  |b 63413507  |c 20011209  |g PSBO 
801 2 |a RU  |b 63413507  |c 20220408  |g PSBO 
942 |c BK